000 00810nam a2200241 a 4500
001 42798
003 UkOxU
005 20211209053608.0
008 880808s1963 njua b 000 0 eng
035 _a(BD-RjUL)42916
040 _aDLC
_cHCD
_dSER
_dBD-RjUL
_beng
041 _aeng
082 _223
_a339
_bWAG 1963
100 1 _aWalker, Franklin V.
_9131527
245 1 0 _aGrowth, employment & the price level :
_bintermediate macroeconomic measurement, theory and policy /
_cFranklin V walker
260 _aEnglewood Cliffs :
_bPrentice-Hall,
_c1963
300 _a342 p. :
_billus ;
_c22 cm
500 _aincludes index
650 0 _aEconomics
_xHistory
_zUnited States
_9131528
650 0 _aCapital investments
_zUnited States
_9131529
651 0 _aUnited States
_xEconomic conditions
_9131530
942 _2ddc
_cBK
999 _c42798
_d42798